[Event "USSR (ch)"]
[Site "?"]
[Date "1989.??.??"]
[Round "?"]
[White "Dolmatov, S."]
[Black "Malaniuk, V."]
[Result "1-0"]
[WhiteElo "2615"]
[BlackElo "2560"]
[PlyCount "87"]
[EventDate "1989.??.??"]
[Source "ChessBase"]
[SourceDate "1989.07.01"]

1. e4 e5 2. Nf3 Nc6 3. Bb5 a6 4. Ba4 Nf6 5. O-O Be7 6. Re1 b5 7. Bb3 O-O 8. c3 d6 9. h3 Nd7 10. d4 Bf6 11. Be3 Bb7 12. Nbd2 Ne7 13. Bc2 c5 14. d5 Nb6 15. b4 cxb4 16. cxb4 Bc8 17. a4 bxa4 18. Bxa4 Nxa4 19. Qxa4 Bd7 20. Qb3 Nc8 21. Nc4 Qe8 22. Nfd2 Bh4 23. Ra2 Bb5 24. Nb1 Rb8 25. Nc3 Bd8 26. Na5 Ne7 27. Rc1 f5 28. Nc6 Rc8 29. Nxb5 axb5 30. Ra7 Kh8 31. Nxe7 Rxc1+ 32. Bxc1 Bxe7 33. exf5 Rxf5 34. Qd3 e4 35. Qxe4 Re5 36. Qc2 Bf8 37. Bb2 Rxd5 38. Rc7 Rg5 39. h4 Rg4 40. Qf5 Rc4 41. Rxc4 bxc4 42. b5 d5 43. b6 h6 44. Be5 1-0

[Event "Beograd"]
[Site "?"]
[Date "1987.??.??"]
[Round "?"]
[White "Hjartarson, J."]
[Black "Short, N."]
[Result "1-0"]
[WhiteElo "2550"]
[BlackElo "2620"]
[PlyCount "99"]
[EventDate "1987.??.??"]
[Source "ChessBase"]
[SourceDate "1987.07.01"]

1. e4 e5 2. Nf3 Nc6 3. Bb5 a6 4. Ba4 Nf6 5. O-O Be7 6. Re1 b5 7. Bb3 d6 8. c3 O-O 9. h3 Nd7 10. d4 Bf6 11. Be3 Na5 12. Bc2 Nc4 13. Bc1 Bb7 14. b3 Ncb6 15. Be3 exd4 16. cxd4 Re8 17. Nbd2 c5 18. Rc1 cxd4 19. Bxd4 Rc8 20. Nf1 Ne5 21. N3h2 g6 22. Qd2 h5 23. f4 Ned7 24. Nf3 Bxd4+ 25. Qxd4 Qf6 26. e5 dxe5 27. fxe5 Qe6 28. N1d2 Qd5 29. Qf4 Qc5+ 30. Kh2 Nd5 31. Qg3 Qb6 32. Ng5 Nf8 33. Nde4 Re7 34. Bb1 Rxc1 35. Rxc1 Qd4 36. Nf3 Qe3 37. Rd1 Kg7 38. Nd6 Qc5 39. Nf5+ Kg8 40. Nxe7+ Qxe7 41. Ng5 h4 42. Qxh4 Ne3 43. Rg1 Qxe5+ 44. Qg3 Qd4 45. Nf3 Qb2 46. Re1 Nd5 47. Be4 Qxa2 48. Ne5 Qd2 49. Qf3 f6 50. Rd1 1-0

[Event "Bertl von Massow Memorial 8895"]
[Site "Bertl von Massow Memorial 889"]
[Date "1990.??.??"]
[Round "?"]
[White "Morgado, Juan Sebastian"]
[Black "Bang, Erik B.H"]
[Result "1/2-1/2"]
[WhiteElo "2500"]
[BlackElo "2650"]
[PlyCount "55"]
[EventDate "1990.??.??"]
[Source "www.chesslib.no"]
[SourceDate "2004.05.04"]

1. e4 e5 2. Nf3 Nc6 3. Bb5 a6 4. Ba4 Nf6 5. O-O Be7 6. Re1 b5 7. Bb3 d6 8. c3 O-O 9. h3 Nd7 10. d4 Bf6 11. Be3 Na5 12. Bc2 Nc4 13. Bc1 Bb7 14. b3 Ncb6 15. Be3 exd4 16. cxd4 Re8 17. Nbd2 c5 18. Rc1 cxd4 19. Bxd4 Rc8 20. Nf1 Ne5 21. N3h2 Nc6 22. Bxf6 Qxf6 23. Bb1 Ne5 24. Ne3 g6 25. Qd4 Ng4 26. Qxf6 Nxf6 27. Nhg4 Nxg4 28. Nxg4 1/2-1/2

[Event "Yopal"]
[Site "Yopal"]
[Date "1997.06.28"]
[Round "8"]
[White "Morovic Fernandez, Ivan"]
[Black "Arencibia, Walter"]
[Result "1-0"]
[WhiteElo "2580"]
[BlackElo "2560"]
[PlyCount "97"]
[EventDate "1997.06.20"]
[Source "ChessBase"]
[SourceDate "1997.10.13"]

1. e4 e5 2. Nf3 Nc6 3. Bb5 a6 4. Ba4 Nf6 5. O-O Be7 6. Re1 b5 7. Bb3 d6 8. c3 O-O 9. h3 Nd7 10. d4 Bf6 11. a4 Bb7 12. Na3 exd4 13. cxd4 Re8 14. Bc2 Nb4 15. Bb1 c5 16. Bf4 Nf8 17. Qd2 Nc6 18. d5 Na5 19. Ba2 Ng6 20. Bg3 b4 21. Nc4 Nxc4 22. Bxc4 a5 23. Qc2 Qe7 24. Rad1 Ba6 25. Nd2 h5 26. Bxa6 Rxa6 27. Nc4 h4 28. Bh2 Bd4 29. Kf1 Qf6 30. Rd3 Ne5 31. Bxe5 Bxe5 32. Qe2 Ra7 33. Rf3 Qd8 34. Rd3 Bd4 35. Qg4 g6 36. Qf4 Be5 37. Qf3 Bd4 38. Qf4 Be5 39. Qf3 Bd4 40. Rdd1 Kg7 41. Re2 Qd7 42. b3 Qd8 43. Qg4 Rf8 44. Rd3 Re8 45. f4 Qf6 46. Rf3 Rae7 47. e5 Kg8 48. exf6 Rxe2 49. Ne5 1-0